El tren fantasma /
Mientras estás de visita en la granja de tu amigo Harry, descubres que alguien ha estado saboteando su tierra. Una noche, ya tarde, ves a una misteriosa mujer india que se dirige hacia los huertos y decides seguirla. De repente, oyes el sonido de un tren que viene de la vía abandonada que hay allí c...
Guardado en:
| Autor Principal: | |
|---|---|
| Otros Autores: | , |
| Formato: | Libro |
| Idioma: | Undetermined |
| Publicado: |
Madrid,
2000.
|
| Series: | Elige tu propia aventura ;
8 |
| Materias: | |
| Etiquetas: |
Agregar Etiqueta
Sin Etiquetas, Sea el primero en etiquetar este registro!
|
| LEADER | 01195nam a22002295a 4500 | ||
|---|---|---|---|
| 001 | CEM.cems021118 | ||
| 008 | 240426s2000####sp############000#0#und#d | ||
| 005 | 20240426183659.0 | ||
| 245 | 1 | 0 | |a El tren fantasma / |c Louise Munro Foley ; ilustrado por Frank Bolle ; traducido por Eleonor Gorga. |
| 260 | |a Madrid, |c 2000. | ||
| 300 | |a 120 p. | ||
| 490 | 1 | |a Elige tu propia aventura ; |v 8 | |
| 500 | |a Título original: Ghost train. | ||
| 520 | |a Mientras estás de visita en la granja de tu amigo Harry, descubres que alguien ha estado saboteando su tierra. Una noche, ya tarde, ves a una misteriosa mujer india que se dirige hacia los huertos y decides seguirla. De repente, oyes el sonido de un tren que viene de la vía abandonada que hay allí cerca. Sabes que ningún tren pasó por ese lugar en más de cincuenta años. Deseas investigar, pero no quieres que la mujer india se aleje. ¿Qué harás? | ||
| 020 | |a 9500823985 | ||
| 100 | 1 | |a Munro Foley, Louise. | |
| 700 | 1 | |a Bolle, Frank; il. | |
| 700 | 1 | |a Gorga, Eleonor; trad. | |
| 653 | |a Literatura canadiense | ||
| 653 | |a Literatura juvenil | ||
| 653 | |a Novela juvenil | ||
| 859 | |a CEMS |b BIB. CEMS - Inicial y Primaria |h 819.154 |i M926 |k IP |p 6507 |t Ej.1 | ||
